|
|
|
|
| LEADER |
00000nam a2200000 a 4500 |
| 001 |
1/114755 |
| 008 |
170830s2014####gr | ||| |||| ||gre|| |
| 020 |
|
|
|a 9786185076054
|
| 040 |
|
|
|a GR-MyUa
|b gre
|c GR-MyUa
|e AACR2
|
| 041 |
1 |
|
|a gre
|h eng
|
| 082 |
7 |
|
|a 330.1
|2 (23)
|
| 100 |
1 |
|
|a Crouch, Colin
|d 1944-
|
| 245 |
1 |
2 |
|a Ο περίεργος μη θάνατος του νεοφιλελευθερισμού /
|c Κόλιν Κράουτς ; μετάφραση: Αλέξανδρος Κιουπκιολής.
|
| 260 |
|
|
|a Αθήνα :
|b Εκκρεμές,
|c 2014.
|
| 300 |
|
|
|a 261 σ. ;
|c 21 εκ.
|
| 500 |
|
|
|a Μετάφραση του: The strange non-death of neo-liberalism.
|
| 504 |
|
|
|a Περιλαμβάνει βιβλιογραφία.
|
| 650 |
|
0 |
|a Neoliberalism.
|
| 700 |
1 |
|
|a Κιουπκιολής, Αλέξανδρος,
|e trl
|
| 852 |
|
|
|a INST
|b LESVOS
|c EUDOXUS
|e 20170830
|h 330.1 CRO
|p 005100059935
|q 005100059935
|t EDX
|y 0
|
| 852 |
|
|
|a INST
|b RHODES
|c EUDOXUS
|e 20180525
|h 330.1 CRO
|p 005400040102
|q 005400040102
|t EDX
|y 0
|
| 920 |
|
|
|a Εύδοξος
|b Παραγγελία
|y Ρόδος-ΠΤΔΕ
|z 2018-04
|
| 920 |
|
|
|a Εύδοξος
|b Παραγγελία
|y Λέσβος-ΤΚΑΙ
|z 2017-05
|
| 970 |
|
|
|a Τζαφέρη
|b Ευαγγελία
|z 30-08-2017
|